01848cam a22004574i 4500003000900000005001700009008004100026020001500067020001800082035002000100040003300120049000900153082002100162100003000183245005900213264005100272300004400323336002100367337002500388338002300413505029400436526001000730526001000740526001000750526001000760526000800770526000800778526000800786526000800794526000800802526000800810526000800818650005900826650006400885942001400949994001400963596000600977999017000983980005501153952018201208PE-LiUPU20250731172902.0150706s2016 txu r 000 0 eng d a1481304917 a9781481304917 a(Sirsi) a165986 aPE-LiUPUbspacPE-LiUPUerda aPRUA04a226.066bH282211 aHays, Richard B.,eautor.00aEchoes of Scripture in the gospels /cRichard B. Hays. 1aWaco, Texas :bBaylor University Press,c2016. axix, 504 páginas ;c24 centímetros. atext2rdacontent aunmediated2rdamedia avolume2rdacarrier0 aIntroduction: Figural interpretation of Israel's scripture -- The evangelists as readers of Israel's scripture. The Gospel of Mark: herald of mystery -- The Gospel of Matthew: Torah transfigured -- The Gospel of Luke: the liberation of Israel -- The Gospel of John: the temple of his body. aSEG42 aSEG41 aSEG40 aSEG39 aP94 aP87 aP86 aP85 aP77 aP76 aP3504aBiblia. Evangelios - Crítica, interpretación, etc.04aBiblia. Evangelios. - Relación con el Antiguo Testamento. 2ddccBOOK aC0bPEPRU a1 a226.066 H28wLCc14723i75211d14723e2017-9-17f2021-11-9g5lCCODEBUL1mBULn2p34.95r0sYtBOOKu2017-1-11xTEOLOGIAPP850COMPRAo.STAFF. Colección Teología 81gALBERTO SANCHEZ Responsable de Automatización r2025-12-02 00:00:00i6l2o226.066 H28p75211s2017-09-17te1v39.95w2017-01-11xPGyBKzinventario-2023-12-13102ddc50708GENfP85aBULbBULcGENd2017-01-11eCOMPRAg34.95